_The bilingual family (Record no. 5917)
[ view plain ]
| 000 -LEADER | |
|---|---|
| fixed length control field | 00414nam a2200145Ia 4500 |
| 008 - FIXED-LENGTH DATA ELEMENTS--GENERAL INFORMATION | |
| fixed length control field | 151021s9999 xx 000 0 und d |
| 050 ## - LIBRARY OF CONGRESS CALL NUMBER | |
| Classification number | P 115.2. H36 1986 |
| 245 ## - TITLE STATEMENT | |
| Title | _The bilingual family |
| 260 ## - PUBLICATION, DISTRIBUTION, ETC. (IMPRINT) | |
| Place of publication, distribution, etc. | USA Cambridge University Press 1986 |
| 300 ## - PHYSICAL DESCRIPTION | |
| Extent | x, 155p. : ills. |
| 500 ## - GENERAL NOTE | |
| General note | includes index |
| 650 ## - SUBJECT ADDED ENTRY--TOPICAL TERM | |
| Topical term or geographic name as entry element | _A handbook for parents |
| 700 ## - ADDED ENTRY--PERSONAL NAME | |
| Personal name | _Philip Riley |
| 980 ## - EQUIVALENCE OR CROSS-REFERENCE-SERIES STATEMENT--PERSONAL NAME/TITLE [LOCAL, CANADA] | |
| Personal name | ^d20110107 11:46:14^okoech |
No items available.